[Event "Copenhagen Chess Challenge 2013"]
[Site "Ballerup"]
[Date "2013.??.??"]
[Round "4"]
[White "Haubro, Martin"]
[Black "Danielsen, Henrik"]
[Result "1-0"]
[WhiteElo "2179"]
[BlackElo "2500"]
[PlyCount "115"]
[EventDate "2013.??.??"]
[EventType "swiss"]
[EventRounds "9"]
[EventCountry "DEN"]

1. e4 d6 2. d4 Nf6 3. Nc3 e5 4. Nf3 Nbd7 5. Bc4 Be7 6. O-O O-O 7. Qe2 exd4 8.
Nxd4 Ne5 9. Bf4 c6 10. Rad1 Qc7 11. Bb3 b5 12. Bxe5 dxe5 13. Nf5 Bb4 14. Qf3
Bxc3 15. bxc3 Bxf5 16. Qxf5 a5 17. a4 bxa4 18. Bxa4 Rfd8 19. Rd3 Rxd3 20. cxd3
Rd8 21. f4 exf4 22. d4 c5 23. dxc5 Rc8 24. c6 Re8 25. Qxf4 Qxf4 26. Rxf4 Kf8
27. c4 Re5 28. Rf5 Rxe4 29. Rc5 Re1+ 30. Kf2 Re8 31. Kf3 Ra8 32. Rb5 Ne8 33.
Rb6 Nc7 34. Rb7 Rc8 35. Ra7 Ke7 36. Rxa5 Kd6 37. Ke4 Re8+ 38. Kd3 Rb8 39. Ra7
Rc8 40. Kc3 Kc5 41. Rb7 f5 42. Ra7 Kb6 43. Rb7+ Kc5 44. Rb2 Ra8 45. Bb5 Ra3+
46. Rb3 Ra2 47. Rb2 Rxb2 48. Kxb2 Kd4 49. Kb3 f4 50. Kb4 h6 51. Ba4 g6 52. Bc2
g5 53. Bd1 Ne8 54. Bh5 Nc7 55. h3 Ke5 56. Kc5 Ne6+ 57. Kb6 Kd6 58. Bg4 1-0

[Event "Copenhagen Chess Challenge 2013"]
[Site "Ballerup"]
[Date "2013.??.??"]
[Round "4"]
[White "Andersen, Mads"]
[Black "Nilsen, Joachim Birger"]
[Result "1/2-1/2"]
[WhiteElo "2484"]
[BlackElo "2229"]
[PlyCount "92"]
[EventDate "2013.??.??"]
[EventType "swiss"]
[EventRounds "9"]
[EventCountry "DEN"]

1. d4 Nf6 2. c4 e6 3. g3 d5 4. Nf3 Bb4+ 5. Bd2 Be7 6. Bg2 c6 7. Qc2 O-O 8. O-O
b6 9. Rd1 Bb7 10. Bf4 Na6 11. Nbd2 Nh5 12. Be3 Nf6 13. Bg5 h6 14. Bxf6 Bxf6 15.
e4 Rc8 16. a3 Qe8 17. Qd3 Qd7 18. cxd5 cxd5 19. e5 Be7 20. Nf1 Nb8 21. Ne3 Ba6
22. Qd2 Qb5 23. Ne1 Qe2 24. f4 Qxd2 25. Rxd2 g6 26. Nf3 Rc7 27. Kf2 Rfc8 28. g4
Rc1 29. Rxc1 Rxc1 30. f5 Nc6 31. f6 Bd8 32. b4 Bb5 33. Rc2 Rxc2+ 34. Nxc2 Bd3
35. Nfe1 Bxc2 36. Nxc2 b5 37. Ke3 Bb6 38. Kd3 Kf8 39. h4 g5 40. hxg5 hxg5 41.
Kc3 Kg8 42. Bf1 a6 43. Bg2 Kf8 44. Bf1 Kg8 45. Bd3 Kf8 46. Be2 Kg8 1/2-1/2

[Event "Copenhagen Chess Challenge 2013"]
[Site "Ballerup"]
[Date "2013.??.??"]
[Round "4"]
[White "Johansson, Linus"]
[Black "Mikkelsen, Nikolaj"]
[Result "1/2-1/2"]
[WhiteElo "2348"]
[BlackElo "2417"]
[PlyCount "78"]
[EventDate "2013.??.??"]
[EventType "swiss"]
[EventRounds "9"]
[EventCountry "DEN"]

1. d4 Nf6 2. c4 c5 3. d5 e6 4. Nc3 exd5 5. cxd5 d6 6. Nf3 g6 7. e4 Bg7 8. Be2
O-O 9. O-O Bg4 10. h3 Bxf3 11. Bxf3 a6 12. a4 Nbd7 13. Bf4 Qc7 14. Rc1 Rae8 15.
Bh2 c4 16. b3 Nc5 17. bxc4 Nfd7 18. Re1 f5 19. exf5 Rxe1+ 20. Qxe1 Ne5 21. Be4
gxf5 22. Bxe5 Bxe5 23. Bc2 Qg7 24. Ne2 f4 25. f3 Kh8 26. Rb1 Rg8 27. Qf2 Qh6
28. Kh1 Qf6 29. Nc1 Bd4 30. Qf1 Re8 31. Nd3 Re3 32. Nxc5 Bxc5 33. Re1 Qc3 34.
Rxe3 Qxe3 35. Kh2 h5 36. h4 Kg7 37. Kh3 Kf6 38. Qd3 Qxd3 39. Bxd3 Bf2 1/2-1/2

[Event "Copenhagen Chess Challenge 2013"]
[Site "Ballerup"]
[Date "2013.??.??"]
[Round "4"]
[White "Smith, Axel"]
[Black "Jacobsen, Bo"]
[Result "1-0"]
[WhiteElo "2467"]
[BlackElo "2310"]
[PlyCount "81"]
[EventDate "2013.??.??"]
[EventType "swiss"]
[EventRounds "9"]
[EventCountry "DEN"]

1. d4 Nf6 2. Nc3 d5 3. Bg5 h6 4. Bxf6 exf6 5. e4 dxe4 6. Nxe4 Nc6 7. c3 Be7 8.
Nf3 f5 9. Ned2 O-O 10. Bd3 Be6 11. O-O Bf6 12. Re1 Re8 13. Qc2 g6 14. Bc4 Qd6
15. Bxe6 Rxe6 16. Nc4 Rxe1+ 17. Rxe1 Qd5 18. Qb3 Rd8 19. Ncd2 Qd7 20. Qd1 Kg7
21. Qe2 Qd5 22. Qc4 Qd7 23. Nb3 b6 24. Kf1 a5 25. Nc1 Qd6 26. Nd3 Rd7 27. a3
Re7 28. Rxe7 Nxe7 29. Nfe5 Bxe5 30. Nxe5 Nd5 31. a4 f6 32. Nf3 g5 33. h3 Qe6
34. Nd2 f4 35. Qe2 Qc6 36. Qc4 Qe6 37. Qe2 Qc6 38. c4 Nb4 39. Qe7+ Kg6 40. b3
Nd3 41. d5 1-0

[Event "Copenhagen Chess Challenge 2013"]
[Site "Ballerup"]
[Date "2013.??.??"]
[Round "4"]
[White "Carstensen, Jacob"]
[Black "Schou Moldt, Thomas"]
[Result "1-0"]
[WhiteElo "2401"]
[BlackElo "2220"]
[PlyCount "93"]
[EventDate "2013.??.??"]
[EventType "swiss"]
[EventRounds "9"]
[EventCountry "DEN"]

1. d4 Nf6 2. c4 d6 3. Nc3 g6 4. e4 Bg7 5. Nf3 O-O 6. Be2 c5 7. d5 a6 8. a4 e6
9. h3 exd5 10. cxd5 Re8 11. Nd2 b6 12. O-O Ra7 13. f4 Rb7 14. Bd3 Nh5 15. Nf3
f5 16. exf5 gxf5 17. Ng5 Bd4+ 18. Kh2 Ng7 19. Ne2 Bf6 20. Ng3 h6 21. Ne6 Rxe6
22. dxe6 Bxe6 23. Re1 Qc8 24. Nh5 Bd4 25. Qf3 Rf7 26. Be3 Bxb2 27. Rab1 Bc3 28.
Rec1 Nxh5 29. Qxh5 Bg7 30. Rxb6 Qc7 31. Qg6 Re7 32. Rcb1 Nd7 33. Rb7 Nf8 34.
Rxc7 Nxg6 35. Rxe7 Nxe7 36. Bxa6 c4 37. a5 d5 38. Bc5 Kf7 39. Bb7 c3 40. a6 d4
41. a7 c2 42. Rc1 d3 43. Bf3 Bb2 44. Be3 Bd5 45. Bxd5+ Nxd5 46. a8=Q Nxe3 47.
Qa7+ 1-0

[Event "Copenhagen Chess Challenge 2013"]
[Site "Ballerup"]
[Date "2013.??.??"]
[Round "4"]
[White "Lindgren, Philip"]
[Black "Hagen, Andreas Skytte"]
[Result "0-1"]
[WhiteElo "2260"]
[BlackElo "2400"]
[PlyCount "106"]
[EventDate "2013.??.??"]
[EventType "swiss"]
[EventRounds "9"]
[EventCountry "DEN"]

1. d4 Nf6 2. c4 g6 3. Nc3 Bg7 4. Bg5 c5 5. d5 h6 6. Bh4 g5 7. Bg3 Nh5 8. e3
Nxg3 9. hxg3 d6 10. Bd3 Nd7 11. f4 Nf6 12. Nf3 Bg4 13. Qc2 Qd7 14. O-O-O O-O-O
15. Rhe1 Kb8 16. Qf2 Bf5 17. Bxf5 Qxf5 18. e4 Qg4 19. Nh2 Qh5 20. e5 Nd7 21. e6
fxe6 22. dxe6 Bxc3 23. bxc3 Nf6 24. Nf1 gxf4 25. gxf4 Rdf8 26. Qc2 Ng4 27. g3
Rhg8 28. Ne3 Nxe3 29. Rxe3 Rg7 30. Rdd3 Rfg8 31. Qf2 Qf5 32. Kb2 Rg6 33. Qe1
Kc7 34. a4 Qh3 35. Kb3 Qg2 36. f5 Rf6 37. Rf3 Rg5 38. Rf2 Qc6 39. Rdf3 a6 40.
Qe2 Rg8 41. Qd3 Rb8 42. Qd5 Qb6+ 43. Kc2 Qa5 44. Kb3 b5 45. axb5 axb5 46. Kc2
b4 47. cxb4 Rxb4 48. Kd3 Qa1 49. Rf4 Qd1+ 50. Ke4 Qe1+ 51. Kf3 Qh1+ 52. Ke2
Rb2+ 53. Ke3 Qe1+ 0-1

[Event "Copenhagen Chess Challenge 2013"]
[Site "Ballerup"]
[Date "2013.??.??"]
[Round "4"]
[White "Lokander, Martin"]
[Black "Fries Nielsen, Jens Ove"]
[Result "0-1"]
[WhiteElo "2225"]
[BlackElo "2373"]
[PlyCount "102"]
[EventDate "2013.??.??"]
[EventType "swiss"]
[EventRounds "9"]
[EventCountry "DEN"]

1. e4 e6 2. d4 d5 3. Nc3 dxe4 4. Nxe4 Qd5 5. Nc3 Bb4 6. Nf3 Nf6 7. Be2 O-O 8.
O-O Qd8 9. a3 Be7 10. Ne5 Nbd7 11. Bf3 Nb6 12. Be3 a5 13. Qe2 Nbd5 14. Bd2 c6
15. Nd1 Nc7 16. Be3 Nb5 17. c3 a4 18. Re1 Nd6 19. g3 Nd5 20. c4 Nxe3 21. Nxe3
f6 22. Nd3 Nf7 23. Nc2 e5 24. dxe5 fxe5 25. Rad1 Qb6 26. h4 Qb3 27. Be4 Qxc4
28. Qh5 Nh6 29. Nxe5 Qc5 30. Qe2 Kh8 31. Nd3 Qb6 32. Ne3 Be6 33. Nf4 Bb3 34.
Rd7 Bxh4 35. Bxh7 Rxf4 36. gxf4 Kxh7 37. Qd3+ Kg8 38. Kh1 Bf6 39. Rg1 Bf7 40.
Qd6 Qxb2 41. Rg2 Qb1+ 42. Kh2 Ra5 43. Rd8+ Kh7 44. Qd3+ Qxd3 45. Rxd3 Rh5+ 46.
Kg1 b5 47. Rd6 b4 48. axb4 a3 49. Nc2 Nf5 50. Rxf6 gxf6 51. Nxa3 Nd4 0-1

[Event "Copenhagen Chess Challenge 2013"]
[Site "Ballerup"]
[Date "2013.??.??"]
[Round "4"]
[White "Sylvan, Jacob"]
[Black "Kenneskog, Theodor"]
[Result "1-0"]
[WhiteElo "2341"]
[BlackElo "2234"]
[PlyCount "107"]
[EventDate "2013.??.??"]
[EventType "swiss"]
[EventRounds "9"]
[EventCountry "DEN"]

1. d4 Nf6 2. c4 g6 3. Nc3 d5 4. Nf3 Bg7 5. Qb3 dxc4 6. Qxc4 O-O 7. e4 a6 8. Be2
b5 9. Qb3 c5 10. dxc5 Be6 11. Qc2 Nbd7 12. c6 Nb6 13. Bf4 Rc8 14. c7 Qe8 15. h3
Na8 16. O-O Nxc7 17. a3 Na8 18. Be3 a5 19. Qb1 b4 20. axb4 axb4 21. Na4 Bd7 22.
Ba6 Rc7 23. Nc5 Bb5 24. Rc1 Bxa6 25. Rxa6 Nd7 26. Nd3 Qb8 27. Rxc7 Nxc7 28. Ra4
b3 29. Rb4 Qa8 30. Qc1 Ne6 31. Qd1 Nf6 32. Qxb3 Rd8 33. Ra4 Qb8 34. Qxb8 Rxb8
35. Nfe5 h5 36. Nc6 Rb7 37. f3 Rc7 38. Ndb4 Kh7 39. Ra7 Rxa7 40. Bxa7 Nd7 41.
Nd3 Bf8 42. Be3 Nc7 43. Na7 e6 44. b4 Bd6 45. b5 Na8 46. Nc8 Bc7 47. Nb2 Bb6
48. Kf2 h4 49. Nxb6 Naxb6 50. Bxb6 Nxb6 51. Ke3 e5 52. Kd3 Kh6 53. Kc3 Kg5 54.
Nd3 1-0

[Event "Copenhagen Chess Challenge 2013"]
[Site "Ballerup"]
[Date "2013.??.??"]
[Round "4"]
[White "Lovik, Lasse Ostebo"]
[Black "Martins, David Pires Tavares"]
[Result "1-0"]
[WhiteElo "2310"]
[BlackElo "2183"]
[PlyCount "145"]
[EventDate "2013.??.??"]
[EventType "swiss"]
[EventRounds "9"]
[EventCountry "DEN"]

1. g3 e6 2. Bg2 Nf6 3. c4 c5 4. Nf3 Nc6 5. O-O Be7 6. Nc3 a6 7. d4 cxd4 8. Nxd4
Qc7 9. b3 O-O 10. Bb2 Rb8 11. Rc1 Nxd4 12. Qxd4 b6 13. Rfd1 Bb7 14. Ne4 Bxe4
15. Bxe4 Rfd8 16. Bb1 Qc5 17. Qh4 h6 18. Qf4 Qh5 19. f3 Rbc8 20. Kh1 d5 21.
cxd5 Rxc1 22. Qxc1 Nxd5 23. Be4 Bd6 24. Kg2 Be5 25. Bxd5 Bxb2 26. Be4 Bf6 27.
Rxd8+ Bxd8 28. Qc6 Qb5 29. Qc2 g5 30. Bd3 Qa5 31. Qc6 Bf6 32. Qa8+ Kg7 33. Qe4
Qxa2 34. Qh7+ Kf8 35. Qxh6+ Ke7 36. Qh7 Qxb3 37. Bxa6 Qe3 38. Qg8 Bd4 39. Bb5
f5 40. Qe8+ Kf6 41. Qh8+ Ke7 42. Qe8+ Kd6 43. Qd7+ Ke5 44. Qg7+ Kd6 45. Qd7+
Ke5 46. Qg7+ Kd5 47. Qb7+ Kc5 48. Qc6+ Kb4 49. Qc4+ Ka3 50. Qa4+ Kb2 51. Qb4+
Ka1 52. Qe1+ Ka2 53. Bd3 Ka3 54. Qb1 g4 55. fxg4 fxg4 56. Bc4 e5 57. Qd3+ Kb4
58. Qxe3 Bxe3 59. Be6 b5 60. Bxg4 Kc5 61. Kf3 Bh6 62. Be6 Kd4 63. e4 Bd2 64.
Bd5 b4 65. Ke2 Bc1 66. Kf3 Bd2 67. Kg4 b3 68. Kf5 b2 69. Ba2 Be1 70. Bb1 Bc3
71. g4 Kc5 72. Ke6 Bd2 73. h4 1-0

[Event "Copenhagen Chess Challenge 2013"]
[Site "Ballerup"]
[Date "2013.??.??"]
[Round "4"]
[White "Brondt, Nicolai Kvist"]
[Black "Bekker Jensen, David"]
[Result "0-1"]
[WhiteElo "2169"]
[BlackElo "2292"]
[PlyCount "78"]
[EventDate "2013.??.??"]
[EventType "swiss"]
[EventRounds "9"]
[EventCountry "DEN"]

1. d4 Nf6 2. Nf3 g6 3. c4 Bg7 4. g3 O-O 5. Bg2 d6 6. Nc3 c6 7. O-O Qa5 8. e4 e5
9. h3 Nbd7 10. Re1 exd4 11. Nxd4 Ne5 12. Bf1 Re8 13. Be3 c5 14. Nb3 Qb4 15. a3
Qb6 16. Qc2 Nf3+ 17. Kg2 Nxe1+ 18. Rxe1 Bd7 19. Bf4 Bc6 20. f3 Nh5 21. Bxd6
Bxc3 22. Bxc5 Qxc5 23. Nxc5 Bxe1 24. g4 Nf4+ 25. Kh2 Rad8 26. Qc1 Bd2 27. Qc2
Be3 28. Nd3 Nxd3 29. Bxd3 Rd4 30. Kg3 Red8 31. Bf1 g5 32. Qc3 Bd2 33. Qb3 Be1+
34. Kh2 Rd2+ 35. Kh1 Bg3 36. h4 Rh2+ 37. Kg1 Rdd2 38. hxg5 Be5 39. Bd3 Bd4+ 0-1

[Event "Copenhagen Chess Challenge 2013"]
[Site "Ballerup"]
[Date "2013.??.??"]
[Round "4"]
[White "Haub, Thorsten Michael"]
[Black "Rhee, Alexander"]
[Result "1-0"]
[WhiteElo "2458"]
[BlackElo "2147"]
[PlyCount "193"]
[EventDate "2013.??.??"]
[EventType "swiss"]
[EventRounds "9"]
[EventCountry "DEN"]

1. Nf3 c5 2. g3 Nc6 3. Bg2 g6 4. O-O Bg7 5. c3 e5 6. e4 Nge7 7. d3 O-O 8. Nbd2
d6 9. Nh4 Be6 10. f4 exf4 11. gxf4 Qd7 12. Ndf3 d5 13. Qe2 f6 14. Qf2 b6 15.
Qg3 Kh8 16. Kh1 Rad8 17. Rg1 dxe4 18. dxe4 Qd3 19. f5 Bf7 20. fxg6 hxg6 21. Nf5
Nxf5 22. exf5 Ne7 23. fxg6 Bxg6 24. Bf4 Bh7 25. Rae1 Nf5 26. Qg4 Rg8 27. Qh5
Rd5 28. Qh3 Qc4 29. Bc1 Rdd8 30. b3 Qd3 31. Bf1 Qxc3 32. Ne5 Qxe5 33. Rxe5 fxe5
34. Bg5 Rd4 35. Qh5 Rf8 36. Bh3 Kg8 37. Rf1 Rd6 38. Qe2 Rd4 39. Qa6 Rd7 40.
Qc4+ Kh8 41. Bxf5 Bxf5 42. Qh4+ Kg8 43. Be3 Rdf7 44. Rf2 Rf6 45. h3 Rg6 46. Kh2
Bd7 47. Rxf8+ Bxf8 48. Qe4 Kf7 49. h4 Rg4 50. Qd5+ Be6 51. Qb7+ Kg8 52. Bg5 Rd4
53. Qc6 Bf7 54. Qc8 Kg7 55. Bh6+ Kxh6 56. Qxf8+ Kg6 57. h5+ Kf6 58. h6 Rg4 59.
Qh8+ Kf5 60. h7 Kg6 61. Kh3 Rg5 62. Qg8+ Bxg8 63. hxg8=Q+ Kf6 64. Qd8+ Kf5 65.
Qd7+ Kf4 66. Qd2+ Kf5 67. Qf2+ Ke6 68. Qf3 Rg7 69. Qe4 Kf6 70. Kh4 Ke6 71. Kh5
Rg1 72. Qe3 Rg8 73. Kh6 Kf6 74. Qf3+ Ke6 75. Qc6+ Kf5 76. Qd7+ Kf6 77. Qd6+ Kf5
78. Qd3+ Kf6 79. Qf1+ Ke7 80. Qf5 Rg1 81. Qxe5+ Kd7 82. Qb8 Kc6 83. Qxa7 Rg8
84. a4 Rg3 85. Qe7 Rg1 86. Qe3 Rd1 87. Qf3+ Rd5 88. Kg6 Kd6 89. Kf7 Rd4 90. Ke8
Kc7 91. Qa8 Rd3 92. Qa7+ Kc6 93. Qe7 Rd4 94. Qe6+ Kb7 95. Ke7 Rd2 96. Qe4+ Kc8
97. Qc6+ 1-0

[Event "Copenhagen Chess Challenge 2013"]
[Site "Ballerup"]
[Date "2013.??.??"]
[Round "4"]
[White "Aabling Thomsen, Jakob"]
[Black "Pedersen, Sven"]
[Result "0-1"]
[WhiteElo "2320"]
[BlackElo "2083"]
[PlyCount "112"]
[EventDate "2013.??.??"]
[EventType "swiss"]
[EventRounds "9"]
[EventCountry "DEN"]

1. e4 c5 2. Nf3 e6 3. Nc3 a6 4. d4 cxd4 5. Nxd4 Qc7 6. Bd3 Nc6 7. Nxc6 bxc6 8.
O-O Nf6 9. f4 d5 10. f5 Bd6 11. h3 Be5 12. fxe6 Bxe6 13. exd5 cxd5 14. Rb1 Qb6+
15. Kh1 Bxc3 16. Bg5 Be5 17. Qe2 Bc7 18. Bxf6 gxf6 19. Rxf6 Qd6 20. g4 Qe5 21.
Qf2 h5 22. Rxf7 hxg4 23. Rh7 Rxh7 24. Bxh7 Qh5 25. Re1 Qxh7 26. Rxe6+ Kd7 27.
Re3 Re8 28. Rxe8 Kxe8 29. Qe2+ Qe4+ 30. Qxe4+ dxe4 31. hxg4 Bf4 32. Kg2 Kd7 33.
b4 Bd2 34. Kf2 Bxb4 35. Ke3 Kc6 36. Kxe4 Bd2 37. Kf5 a5 38. g5 a4 39. g6 Bc3
40. Ke4 Kc5 41. Kd3 Bg7 42. a3 Bf6 43. Kd2 Kc4 44. Kc1 Kc3 45. Kb1 Bg7 46. Kc1
Bf8 47. Kb1 Bg7 48. Kc1 Kc4 49. Kb1 Bc3 50. Kc1 Kd5 51. Kd1 Ke6 52. Ke2 Bb2 53.
Kd3 Bxa3 54. Kc4 Be7 55. Kd4 a3 56. Kc3 Kf6 0-1

[Event "Copenhagen Chess Challenge 2013"]
[Site "Ballerup"]
[Date "2013.??.??"]
[Round "4"]
[White "Rydstrom, Tom"]
[Black "Villegas, Pierre"]
[Result "0-1"]
[WhiteElo "2149"]
[BlackElo "2281"]
[PlyCount "116"]
[EventDate "2013.??.??"]
[EventType "swiss"]
[EventRounds "9"]
[EventCountry "DEN"]

1. e4 c6 2. Ne2 d5 3. e5 d4 4. c3 c5 5. b4 dxc3 6. bxc5 cxd2+ 7. Nxd2 Na6 8.
Bb2 Nxc5 9. Nd4 Bd7 10. Bc4 e6 11. a4 Ne7 12. O-O a6 13. a5 Nc6 14. N4b3 Nxb3
15. Nxb3 Bb4 16. Qg4 O-O 17. Rfd1 Qe7 18. Rd3 Rfc8 19. Rh3 g6 20. Bd3 Qf8 21.
Be4 Be7 22. Nd2 Qg7 23. Qf4 Rf8 24. Rf3 Rad8 25. Bb1 Bc8 26. Bc3 Bc5 27. Ra4
Ne7 28. Qc4 Ba7 29. Bc2 Bd7 30. Ra1 Rc8 31. Qg4 Bc6 32. Be4 Nd5 33. Bb2 Bb8 34.
Nc4 Rfd8 35. Re1 Be8 36. Bd3 Nb4 37. Bf1 Nc6 38. Rfe3 Ba7 39. Rf3 Bd4 40. Rf4
Bxb2 41. Nxb2 Nxe5 42. Qe2 Nc6 43. Nc4 Rd4 44. Rf3 Rcd8 45. Qb2 R4d7 46. Qb1
Nd4 47. Rd3 Nb5 48. Ne5 Rxd3 49. Bxd3 Rd5 50. f4 Rc5 51. Be4 Nd6 52. Bf3 Rb5
53. Qd3 Qf8 54. Ng4 f5 55. Ne3 Nf7 56. Nc4 Qc5+ 57. Kh1 Bc6 58. Rxe6 Qxc4 0-1

[Event "Copenhagen Chess Challenge 2013"]
[Site "Ballerup"]
[Date "2013.??.??"]
[Round "4"]
[White "Mihajlov, Sebastian"]
[Black "Gandrud, Vegar Koi"]
[Result "0-1"]
[WhiteElo "2063"]
[BlackElo "2251"]
[PlyCount "100"]
[EventDate "2013.??.??"]
[EventType "swiss"]
[EventRounds "9"]
[EventCountry "DEN"]

1. d4 Nf6 2. c4 e6 3. Nf3 d5 4. g3 dxc4 5. Qa4+ Nc6 6. Qxc4 Qd5 7. Nbd2 Bb4 8.
Qxd5 exd5 9. Bg2 O-O 10. O-O Re8 11. e3 Bf5 12. a3 Bd6 13. b4 Bd3 14. Re1 a5
15. bxa5 Rxa5 16. Nb3 Rb5 17. Nfd2 Na5 18. Nxa5 Rxa5 19. Nb3 Rb5 20. Nc5 Bxc5
21. dxc5 Rxc5 22. Bb2 c6 23. Bd4 Ra5 24. Red1 Bf5 25. Rd2 Rea8 26. Rb2 b5 27.
Rb3 Ne4 28. Bxe4 Bxe4 29. Bc5 Ra4 30. Bb4 Bc2 31. Rb2 Bd3 32. Rc1 Bc4 33. Rc3
f6 34. Rd2 Kf7 35. f3 Re8 36. Kf2 Raa8 37. Rd4 g5 38. Rc1 Rec8 39. Bc5 b4 40.
axb4 Ra2+ 41. Kg1 Rca8 42. Rcd1 Be2 43. R1d2 Bxf3 44. h3 Be4 45. Kf2 Ra1 46.
Rd1 Rxd1 47. Rxd1 Ra2+ 48. Kf1 Rh2 49. h4 Rh1+ 50. Ke2 Bf3+ 0-1

[Event "Copenhagen Chess Challenge 2013"]
[Site "Ballerup"]
[Date "2013.??.??"]
[Round "4"]
[White "Andersen, Kim Nyvang"]
[Black "Petersen, Peter Birk"]
[Result "1/2-1/2"]
[WhiteElo "2003"]
[BlackElo "2167"]
[PlyCount "45"]
[EventDate "2013.??.??"]
[EventType "swiss"]
[EventRounds "9"]
[EventCountry "DEN"]

1. d4 g6 2. c4 Bg7 3. Nc3 d6 4. e4 e5 5. Nge2 Nc6 6. Be3 Nf6 7. d5 Ne7 8. f3
O-O 9. Qd2 Nd7 10. g4 f5 11. gxf5 gxf5 12. Bg5 Nf6 13. O-O-O a6 14. Kb1 Bd7 15.
Nc1 Qe8 16. Rg1 Kh8 17. c5 Ng6 18. Nd3 fxe4 19. fxe4 Nh5 20. Be2 Nhf4 21. Nxf4
exf4 22. Bh5 Be5 23. Rdf1 1/2-1/2

[Event "Copenhagen Chess Challenge 2013"]
[Site "Ballerup"]
[Date "2013.??.??"]
[Round "4"]
[White "Ulrich, Thomas"]
[Black "Ochsner, Bjorn Moller"]
[Result "0-1"]
[WhiteElo "2005"]
[BlackElo "2347"]
[PlyCount "110"]
[EventDate "2013.??.??"]
[EventType "swiss"]
[EventRounds "9"]
[EventCountry "DEN"]

1. e4 c5 2. Nf3 a6 3. d4 cxd4 4. Nxd4 Nf6 5. Nc3 e5 6. Nf3 Bb4 7. Bc4 Qc7 8.
Qd3 d6 9. Bd2 Nbd7 10. Nd5 Bxd2+ 11. Nxd2 Nxd5 12. Bxd5 O-O 13. Nc4 Rd8 14. Ne3
Nf6 15. O-O Be6 16. c3 Rac8 17. Rfd1 a5 18. Qb5 Nxd5 19. Nxd5 Qc5 20. Qxb7 Rb8
21. Qc6 Bxd5 22. Qxd5 Qxd5 23. Rxd5 Rxb2 24. Rxa5 Rdb8 25. Kf1 Rc2 26. a4 Kf8
27. Rb5 Rxb5 28. axb5 Rxc3 29. Rb1 Ke7 30. b6 Rc8 31. Ke2 Rb8 32. Kd3 Kd7 33.
Ra1 Rxb6 34. Ra7+ Ke6 35. Rc7 Rb2 36. Ke3 Rb3+ 37. Ke2 Rb8 38. h4 g6 39. Ra7
Re8 40. Rb7 Re7 41. Rb6 f5 42. f3 Ra7 43. Rb2 h5 44. Rd2 Ra1 45. Ke3 Rh1 46. g3
Rh3 47. Rg2 Rxg3 48. Rb2 fxe4 49. Kxe4 d5+ 50. Ke3 e4 51. Kd4 Rxf3 52. Rb6+ Kf5
53. Kxd5 Rd3+ 54. Kc4 Rd1 55. Rb5+ Kf4 0-1

[Event "Copenhagen Chess Challenge 2013"]
[Site "Ballerup"]
[Date "2013.??.??"]
[Round "4"]
[White "Karlsson, Ulf"]
[Black "Molvig, Henrik"]
[Result "0-1"]
[WhiteElo "2004"]
[BlackElo "2178"]
[PlyCount "118"]
[EventDate "2013.??.??"]
[EventType "swiss"]
[EventRounds "9"]
[EventCountry "DEN"]

1. e4 c5 2. Nc3 d6 3. f4 g6 4. Nf3 Bg7 5. Bc4 Nc6 6. d3 e6 7. O-O Nge7 8. Qe1
O-O 9. f5 d5 10. Qh4 Nxf5 11. exf5 Qxh4 12. Nxh4 Bd4+ 13. Kh1 dxc4 14. Bh6 gxf5
15. Bxf8 Kxf8 16. Nf3 cxd3 17. cxd3 Bf6 18. Rf2 b6 19. Rd1 Ba6 20. a3 Rd8 21.
Rfd2 Bg7 22. Ng5 Bh6 23. h4 Rd4 24. g3 Bxg5 25. hxg5 Rg4 26. Kg2 Nd4 27. Ne2
Bb7+ 28. Kf2 Bf3 29. Nxd4 Bxd1 30. Nxf5 Ba4 31. Ne3 Rxg5 32. d4 Bc6 33. dxc5
Rxc5 34. Rd8+ Ke7 35. Rc8 Be4 36. Rg8 Rb5 37. b4 Rh5 38. Rg4 Bd5 39. Rd4 Kd6
40. g4 Rh2+ 41. Kg3 Re2 42. Rd3 Ke5 43. Rc3 Be4 44. Nc4+ Kd4 45. Rc1 Rc2 46.
Rxc2 Bxc2 47. Nd6 e5 48. Nxf7 e4 49. Kf2 e3+ 50. Ke2 Bd3+ 51. Ke1 Kc3 52. Ne5
Bb5 53. g5 Kb3 54. Ng4 e2 55. Nf6 Bd3 56. Nd5 Kxa3 57. Nf4 Bc4 58. Nxe2 Bxe2
59. Kxe2 Kxb4 0-1

[Event "Copenhagen Chess Challenge 2013"]
[Site "Ballerup"]
[Date "2013.??.??"]
[Round "4"]
[White "Hansen, Rasmus Agertoft"]
[Black "Thybo, Jesper Sondergaard"]
[Result "0-1"]
[WhiteElo "1981"]
[BlackElo "2091"]
[PlyCount "68"]
[EventDate "2013.??.??"]
[EventType "swiss"]
[EventRounds "9"]
[EventCountry "DEN"]

1. d4 Nf6 2. c4 c5 3. d5 e6 4. Nc3 exd5 5. cxd5 d6 6. e4 g6 7. f4 Bg7 8. Bb5+
Nfd7 9. Nf3 a6 10. Bd3 b5 11. O-O O-O 12. e5 dxe5 13. f5 Bb7 14. Bg5 Qb6 15.
Kh1 c4 16. Bc2 Nc5 17. Be7 Re8 18. d6 Qc6 19. Qd2 b4 20. Nd1 Nbd7 21. Ne3 Bh6
22. Qe2 Nd3 23. Ng4 Bf8 24. fxg6 hxg6 25. Ng5 Nf4 26. Rxf4 exf4 27. Be4 Qb5 28.
Bxb7 Rab8 29. Ne4 Bg7 30. Bxa6 Qxa6 31. Re1 Qxa2 32. Ng5 c3 33. Qf2 f6 34. Ne4
cxb2 0-1

[Event "Copenhagen Chess Challenge 2013"]
[Site "Ballerup"]
[Date "2013.??.??"]
[Round "4"]
[White "Lepot, Simon"]
[Black "Karlsson, Robin"]
[Result "0-1"]
[WhiteElo "2075"]
[BlackElo "1947"]
[PlyCount "66"]
[EventDate "2013.??.??"]
[EventType "swiss"]
[EventRounds "9"]
[EventCountry "DEN"]

1. e4 c5 2. Nf3 Nc6 3. d4 cxd4 4. Nxd4 g6 5. Nc3 Bg7 6. Be3 Nf6 7. Bc4 O-O 8.
Bb3 a5 9. f3 d5 10. exd5 Nb4 11. Qd2 Nbxd5 12. Ndb5 Nxe3 13. Qxe3 a4 14. Bc4
Bd7 15. O-O Qc8 16. b3 axb3 17. cxb3 Re8 18. Rac1 Bc6 19. a4 Qb8 20. Rfe1 e5
21. Rcd1 e4 22. Nd6 exf3 23. Bxf7+ Kh8 24. Bxe8 Ng4 25. Bxc6 Nxe3 26. Rxe3 Qa7
27. Rdd3 Bd4 28. Bxf3 Bxe3+ 29. Kf1 Bg1 30. Nde4 Bxh2 31. Ke2 Qa6 32. Nb5 Qe6
33. Nc7 Bxc7 0-1

[Event "Copenhagen Chess Challenge 2013"]
[Site "Ballerup"]
[Date "2013.??.??"]
[Round "4"]
[White "Tandrup, Michael"]
[Black "Jacobsen, Mads Holger Bang"]
[Result "0-1"]
[WhiteElo "1977"]
[BlackElo "2050"]
[PlyCount "164"]
[EventDate "2013.??.??"]
[EventType "swiss"]
[EventRounds "9"]
[EventCountry "DEN"]

1. d4 d5 2. Nf3 Nf6 3. e3 Bf5 4. c4 c6 5. cxd5 cxd5 6. Bb5+ Bd7 7. Bd3 Nc6 8.
Nc3 e6 9. O-O Bd6 10. e4 dxe4 11. Nxe4 Be7 12. Nc5 Bc8 13. Bg5 O-O 14. Rc1 Nb4
15. Bb1 b6 16. Nd3 Nxd3 17. Qxd3 g6 18. Ne5 Bb7 19. Nc6 Bxc6 20. Rxc6 Qd5 21.
Bxf6 Bxf6 22. Rc4 Rac8 23. Rfc1 Rxc4 24. Qxc4 Qxd4 25. Qxd4 Bxd4 26. b3 Rd8 27.
Kf1 Bb2 28. Re1 Bc3 29. Rc1 Bb4 30. Ke2 Rd2+ 31. Kf3 Rb2 32. Kg3 Bd6+ 33. Kf3
Bc5 34. Rf1 Bxf2 35. Rxf2 Rxb1 36. Rc2 Kg7 37. Rc7 a5 38. Rb7 Rb2 39. Rxb6 Rxa2
40. h3 a4 41. bxa4 Rxa4 42. Rb3 Kf6 43. Rc3 h5 44. g3 g5 45. Rb3 g4+ 46. hxg4
hxg4+ 47. Kf2 Kf5 48. Rc3 Ra2+ 49. Kf1 e5 50. Rc4 Rd2 51. Rc6 Kg5 52. Rc8 f6
53. Rc4 Kf5 54. Rc6 Rd3 55. Kf2 Rf3+ 56. Kg2 Ke4 57. Rc4+ Kf5 58. Rb4 Rd3 59.
Kf2 Rd2+ 60. Kf1 Kg5 61. Rb8 Rd7 62. Kf2 f5 63. Rg8+ Kf6 64. Ke3 Ra7 65. Rd8
Ra6 66. Rh8 Ra3+ 67. Kf2 Ke6 68. Rd8 Ra2+ 69. Kf1 Ra7 70. Kf2 Rd7 71. Rf8 Rf7
72. Rd8 f4 73. Rg8 Kf5 74. gxf4 exf4 75. Ra8 Rf6 76. Ra7 Rb6 77. Rf7+ Kg5 78.
Rg7+ Kh5 79. Rh7+ Kg6 80. Rc7 Rb2+ 81. Kf1 Kg5 82. Rh7 f3 0-1

[Event "Copenhagen Chess Challenge 2013"]
[Site "Ballerup"]
[Date "2013.??.??"]
[Round "4"]
[White "Johansen, Johnny Holler"]
[Black "Vyvyan, Philippe"]
[Result "1-0"]
[WhiteElo "2016"]
[BlackElo "1709"]
[PlyCount "87"]
[EventDate "2013.??.??"]
[EventType "swiss"]
[EventRounds "9"]
[EventCountry "DEN"]

1. e4 c5 2. Nf3 d6 3. d4 cxd4 4. Nxd4 Nf6 5. Nc3 a6 6. Be3 e6 7. Bc4 Be7 8. O-O
Nc6 9. Bb3 O-O 10. Qe2 Qc7 11. Rad1 b5 12. Nxc6 Qxc6 13. f3 Nd7 14. a4 b4 15.
Nd5 Bd8 16. Nxb4 Qc7 17. Nd3 Rb8 18. Qf2 a5 19. Qg3 Kh8 20. Kh1 Ba6 21. Rfe1
Bf6 22. Bg5 Bxg5 23. Qxg5 Nc5 24. Nxc5 dxc5 25. Qg3 Qb7 26. Qd6 c4 27. Ba2 h6
28. b3 c3 29. Qe5 Qb4 30. Qd4 Rbd8 31. Qa7 Be2 32. Rd7 Rxd7 33. Qxd7 Qa3 34.
Bb1 Ba6 35. Qd4 Qe7 36. Qxc3 Qd8 37. h3 Qb6 38. Rd1 Rc8 39. Qd4 Qc7 40. Qd6 Qa7
41. c4 Rc5 42. Qf8+ Kh7 43. e5+ g6 44. Rd8 1-0